1858 1574 1530 1794 1780 1921 1305 1325 1716 1685 1244 1132 1770 1234 1044 1169 1851 1376 1455 1088 1655 1817 1984 1412 1825 1690 1212 1185 1042 1732 1036 1990 1645 1267 1534 1333 1365 1149 1292 1046 1660 1185 1559 1854 1790 1688 1486 1713 1042 1229 1336 1766 1713 1048 1478 1121 1831 1009 1677 1991 1448 1292 1356 1064 1985 1976 1857 1020 1657 1575 1163 1272 1002 1384 1144 1144 1054 1526 1442 1810 1884 1747 1526 1310 1837 1317 1581 1996 1871 1261 1756 1608 1844 1221 1724 1712 1816 1349 1227 BCNSPRNW ULIB Ver.6.0+V

เปลี่ยนเป็นภาษาไทย

Change to English
 แสดงรายละเอียดบรรณานุกรม
  กลับหน้าหลัก

Brief Record : Get Marc (ISO 2709) : E-mail record : QR code < ปิดหน้าต่าง
LEADER : 00000nas 2200000uu 4500
001    13399120111
003     ULIB
008    020711s|||| th a 000 0 tha d
022    16856740
110    มหาวิทยาลัยบูรพา
245    วิทยาการวิจัยและวิทยาการปัญญา /^cมหาวิทยาลัยบูรพา
260    ชลบุรี :^bมหาวิทยาลัยบูรพา,^cม.ป.ป.
310    ^aราย 6 เดือน
850 ^a ULIB^bฉบับที่ 2 ปีที่ 15 ฉ.1 ;ฉบับที่ 2 ปีที่ 8 ;ฉบับที่ 1 ปีที่ 9 ;ฉบับที่ 2 ปีที่ 9 ;ฉบับที่ 1 ปีที่ 15 ฉ.1
945    ^p0^l0^i905026
945    ^p0^l0^i900668
945    ^p0^l0^i900669
945    ^p0^l0^i900670
945    ^p0^l0^i904653
999    ^aวรรณษา ชูชัยมงคล
รายการนี้ยังไม่มีแท็ก
คุณยังไม่ได้ล็อกอิน คุณสามารถมีกิจกรรมร่วมกับเว็บไซต์ได้ แต่ต้องล็อกอินก่อน ::
  ล็อกอิน

รายการสื่อสารสนเทศ (วารสาร)

ดูแบบ: กล่อง รายการ
ARRIVED
ฉบับที่ 2 ปีที่ 8
สถานที่: ห้องสมุดวิทยาเขตสวรรค์ประชารักษ์ >วารสาร
ARRIVED
ฉบับที่ 1 ปีที่ 9
สถานที่: ห้องสมุดวิทยาเขตสวรรค์ประชารักษ์ >วารสาร
ARRIVED
ฉบับที่ 2 ปีที่ 9
สถานที่: ห้องสมุดวิทยาเขตสวรรค์ประชารักษ์ >วารสาร
ARRIVED
ฉบับที่ 1 ปีที่ 15 ฉ.1
สถานที่: ห้องสมุดวิทยาเขตสวรรค์ประชารักษ์ >หนังสือพิมพ์
ARRIVED
ฉบับที่ 2 ปีที่ 15 ฉ.1
สถานที่: ห้องสมุดวิทยาเขตสวรรค์ประชารักษ์ >วารสาร

BibComment


ยังไม่เคยถูกคอมเมนท์

คอมเมนท์ทรัพยากรรายการนี้
  คอมเมนท์: วิทยาการวิจัยและว..


 Copyright 2026. Bcnsprnw @Library